Los hijos del Llastay (Registro nro. 297574)

Detalles MARC
000 -ENCABEZADO
Número de control [NR] 01351nam a22002417a 4500
005 - FECHA Y HORA DE LA ÚLTIMA TRANSACCIÓN
control field 20141107104738.0
008 - DE LONGITUD FIJA DE DATOS DE ELEMENTOS - INFORMACIÓN GENERAL
Elementos de longitud fija [NR] 141107s1926 ag ||||fr|||| 001 j spa d
040 ## - FUENTE DE CATALOGACION [NR]
Quien Cataloga Sandra Yazo
Quien Clasifica Sandra Yazo
041 0# - CODIGO DE IDIOMA [R]
Código de idioma para texto/pista de sonido o título separado [R] Español
082 04 - NUMERO DE CLASIFICACION DECIMAL DEWEY [R]
Número de la edición [NR] 20
Número de clasificación [R] 868.982
092 ## - SIGNATURA TOPOGRAFICA LOCAL
Número de clasificación local E34N016
100 1# - ASIENTO PRINCIPAL--NOMBRE PERSONAL [NR]
Nombre personal [NR] Franco, Luis
Fechas asociadas con el nombre [NR] 1898-1988
ID Autoridad 65754
245 10 - MENCION DE TITULO [NR]
Título [NR] Los hijos del Llastay
Mención de responsabilidad, etc. [NR] Luis L. Franco
260 ## - PUBLICACION, DISTRIBUCION, ETC. (PIE DE IMPRENTA) [R]
Lugar de publicación, distribución, etc. [R] Buenos Aires (Argentina)
Nombre del editor, distribuidor, etc. [R] Babel
Fecha de publicación, distribución, etc. [R] 1926
300 ## - DESCRIPCION FISICA [R]
Extensión [R] 148, [2] páginas
Dimensiones [R] 19 x 13 cm.
500 ## - NOTA GENERAL [R]
Nota general [NR] Detalles físicos: Encuadernación rígida en cartón forrado en papel. Lomo en tela con adornos en dorado. Guardas. Anteportada. Portada impresa en dos tintas. Texto impreso en una columna. Márgenes amplios. Papel manchado. Cortes pintados
505 1# - NOTA DE CONTENIDO CON FORMATO PREESTABLECIDO [R]
Nota de contenido con formato preestablecido [NR] EL Llastay ; El puma ; La torcaza ; El quirquincho ; El alicucu ; El gato del monte ; Los venados de la cumbre ; El colcol ; El carancho y el chimango ; Don Juan ; La víbora de la cruz ; La serpiente de cascabel ; La liebre ; El lobo barranquero ; El jaguar ; El jaguar ; El ultutuco ; La perdiz ; El sapo ; La lechuza ; Las bestias del vellocino de oro , EL hurón ; El Crespín ; La Chinchilla
506 ## - NOTA DE RESTRICCIONES DE ACCESO [R]
Condiciones de acceso [NR] Consulta en sala
650 #7 - ASIENTO SECUNDARIO DE MATERIA - TERMINO TEMATICO [R]
9 (RLIN) 15512
Término temático o nombre geográfico como elemento de entrada [NR] Fábulas argentinas
650 #7 - ASIENTO SECUNDARIO DE MATERIA - TERMINO TEMATICO [R]
9 (RLIN) 18607
Término temático o nombre geográfico como elemento de entrada [NR] Literatura argentina
690 ## - ASUNTO AGREGADO LOCAL DE ENTRADA - TÉRMINO TEMÁTICO (OCLC, RLIN)
9 (RLIN) 42866
Acceso temático local Literatura latinoamericana
942 ## - ELEMENTOS DE ENTRADA AGREGADOS (KOHA)
Sistema de clasificación LOCAL
Tipo de ítem principal el descrito en 300a Libro
Edición 1
Clasificación E34N016
Existencias
Suprimido Perdido Sistema de clasificación Dañado No prestable Tipo de ítem específico Ubicación habitual Ubicación actual Localización Fecha de creación Forma de adquisición Costo Total préstamos Signatura topográfica Código de barras Última vez visto Ejemplar Price effective from Tipo de ítem
    LOCAL     Libro archivo Archivo Histórico Archivo Histórico Archivo histórico 07/11/2014 Donación 0.00   E34N016 L004703 07/11/2014 Ej.1 07/11/2014 Libro